[Event "Espalion op 1st"]
[Site "Espalion"]
[Date "2016.07.14"]
[Round "7"]
[White "Antos, Claude"]
[Black "Bois, Samuel"]
[Result "0-1"]
[WhiteElo "1050"]
[BlackElo "1438"]
[PlyCount "56"]
[EventDate "2016.07.09"]
[EventType "swiss"]
[EventRounds "9"]
[EventCountry "FRA"]
[SourceTitle "CBM 173 Extra"]
[Source "ChessBase"]
[SourceDate "2016.08.29"]
[SourceVersion "1"]
[SourceVersionDate "2016.08.29"]
[SourceQuality "1"]

1. e4 d6 2. Nf3 Nf6 3. Bc4 e6 4. e5 Ng4 5. d4 dxe5 6. Nxe5 Nxe5 7. Bb5+ c6 8. Qe2 Qxd4 9. Be3 Qxb2 10. Bf4 Bb4+ 11. Kf1 Qxa1 12. Qd1 0-0 13. Ke2 cxb5 14. c3 Bxc3 15. Qd6 Qb2+ 16. Nd2 Nc4 17. Qe7 Nc6 18. Qh4 Nxd2 19. Rd1 Nc4+ 20. Kf3 N6e5+ 21. Bxe5 Nxe5+ 22. Kg3 Ng6 23. Qg5 Be5+ 24. Kf3 b6 25. Rd8 Bb7+ 26. Kg4 Raxd8 27. Qh5 Rd4+ 28. Kg5 Qd2+ 0-1

[Event "Espalion op 1st"]
[Site "Espalion"]
[Date "2016.07.10"]
[Round "2"]
[White "Dubois, Martine"]
[Black "Bois, Samuel"]
[Result "1-0"]
[WhiteElo "1967"]
[BlackElo "1438"]
[PlyCount "67"]
[EventDate "2016.07.09"]
[EventType "swiss"]
[EventRounds "9"]
[EventCountry "FRA"]
[SourceTitle "CBM 173 Extra"]
[Source "ChessBase"]
[SourceDate "2016.08.29"]
[SourceVersion "1"]
[SourceVersionDate "2016.08.29"]
[SourceQuality "1"]

1. e4 d6 2. d4 Nf6 3. Nc3 g6 4. Nf3 Bg7 5. Be3 0-0 6. h3 e5 7. Qd2 Nc6 8. d5 Ne7 9. 0-0-0 c6 10. dxc6 Nxc6 11. Qxd6 Qa5 12. Qc5 Bh6 13. Qxa5 Bxe3+ 14. fxe3 Nxa5 15. Bd3 Nc6 16. Rhf1 Nh5 17. g4 Ng7 18. Bb5 Be6 19. Nd5 Kh8 20. Bxc6 bxc6 21. Nc7 Rac8 22. Nxe6 Nxe6 23. Nxe5 Kg7 24. Rd7 Rc7 25. Rxc7 Nxc7 26. Nxc6 Re8 27. e5 Ne6 28. Rd1 a6 29. h4 Ra8 30. Rd5 Kf8 31. b3 Rc8 32. Nd4 Rc3 33. Kd2 Nc7 34. Ra5 1-0